A First look at Philippine butterflies / (Record no. 368832)
[ view plain ]
| 000 -LEADER | |
|---|---|
| fixed length control field | 00567nam a22001817a 4500 |
| 003 - CONTROL NUMBER IDENTIFIER | |
| control field | 0 |
| 005 - DATE AND TIME OF LATEST TRANSACTION | |
| control field | 20260205161925.0 |
| 008 - FIXED-LENGTH DATA ELEMENTS--GENERAL INFORMATION | |
| fixed length control field | 260205b xxu||||| |||| 00| 0 eng d |
| 020 ## - INTERNATIONAL STANDARD BOOK NUMBER | |
| International Standard Book Number | 971-630-072-7 |
| 050 ## - LIBRARY OF CONGRESS CALL NUMBER | |
| Classification number | M 556 |
| Item number | Pa295 1999 |
| 082 ## - DEWEY DECIMAL CLASSIFICATION NUMBER | |
| Classification number | M 556 |
| Item number | Pa295 1999 |
| 100 ## - MAIN ENTRY--PERSONAL NAME | |
| Personal name | Paterno, Maria Elena |
| 245 ## - TITLE STATEMENT | |
| Title | A First look at Philippine butterflies / |
| Statement of responsibility, etc | by Maria Elena Paterno. |
| 260 ## - PUBLICATION, DISTRIBUTION, ETC. (IMPRINT) | |
| Place of publication, distribution, etc | Makati City : |
| Name of publisher, distributor, etc | Tahanan Books for Young Readers, |
| Date of publication, distribution, etc | 1999. |
| 300 ## - PHYSICAL DESCRIPTION | |
| Extent | 24 pages : |
| Other physical details | colored illustrations ; |
| Dimensions | 21 cm. |
| 650 ## - SUBJECT ADDED ENTRY--TOPICAL TERM | |
| Topical term or geographic name as entry element | Butterflies |
| Geographic subdivision | Philippines. |
| 942 ## - ADDED ENTRY ELEMENTS (KOHA) | |
| Source of classification or shelving scheme | Dewey Decimal Classification |
| Koha item type | Books |
| Withdrawn status | Lost status | Source of classification or shelving scheme | Damaged status | Home library | Current library | Shelving location | Date acquired | Source of acquisition | Sub Shelving location | Total Checkouts | Full call number | Barcode | Date last seen | Price effective from | Koha item type |
|---|---|---|---|---|---|---|---|---|---|---|---|---|---|---|---|
| Dewey Decimal Classification | Munich Library | Munich Library | Main Section | 02/05/2026 | Library Fund | M 556 Pa295 1999 | M8353 | 02/05/2026 | 02/05/2026 | Books |